I accuse the press : (Record no. 1880)
[ view plain ]
| 000 -LEADER | |
|---|---|
| fixed length control field | 01029nam a2200277 a 4500 |
| 001 - CONTROL NUMBER | |
| control field | 2521476 |
| 003 - CONTROL NUMBER IDENTIFIER | |
| control field | OSt |
| 005 - DATE AND TIME OF LATEST TRANSACTION | |
| control field | 20230620154905.0 |
| 008 - FIXED-LENGTH DATA ELEMENTS--GENERAL INFORMATION | |
| fixed length control field | 921103s1992 ke b 001 0 eng |
| 010 ## - LIBRARY OF CONGRESS CONTROL NUMBER | |
| LC control number | 92982031 |
| 020 ## - INTERNATIONAL STANDARD BOOK NUMBER | |
| International Standard Book Number | 9966420339 : |
| Terms of availability | Kshs200.00 (US $18.00) |
| 020 ## - INTERNATIONAL STANDARD BOOK NUMBER | |
| International Standard Book Number | 9966410473 |
| 040 ## - CATALOGING SOURCE | |
| Original cataloging agency | DLC |
| Transcribing agency | DLC |
| 043 ## - GEOGRAPHIC AREA CODE | |
| Geographic area code | f-ke--- |
| -- | f------ |
| 082 ## - DEWEY DECIMAL CLASSIFICATION NUMBER | |
| Classification number | 323.44 |
| Item number | OCH |
| 100 1# - MAIN ENTRY--PERSONAL NAME | |
| Personal name | Ochieng, Philip, |
| Dates associated with a name | 1938- |
| 245 10 - TITLE STATEMENT | |
| Title | I accuse the press : |
| Remainder of title | an insider's view of the media and politics in Africa / |
| Statement of responsibility, etc. | Philip Ochieng. |
| 260 ## - PUBLICATION, DISTRIBUTION, ETC. (IMPRINT) | |
| Place of publication, distribution, etc. | Nairobi : |
| Name of publisher, distributor, etc. | Initiatives Publishers : |
| -- | ACTS Press, |
| Date of publication, distribution, etc. | 1992. |
| 300 ## - PHYSICAL DESCRIPTION | |
| Extent | xiv, 210 p. ; |
| Dimensions | 21 cm. |
| 504 ## - BIBLIOGRAPHY, ETC. NOTE | |
| Bibliography, etc | Includes bibliographical references and index. |
| 650 #0 - SUBJECT ADDED ENTRY--TOPICAL TERM | |
| Topical term or geographic name as entry element | Press and politics |
| Geographic subdivision | Kenya. |
| 650 #0 - SUBJECT ADDED ENTRY--TOPICAL TERM | |
| Topical term or geographic name as entry element | Press and politics |
| Geographic subdivision | Africa. |
| 906 ## - LOCAL DATA ELEMENT F, LDF (RLIN) | |
| a | 7 |
| b | cbc |
| c | orignew |
| d | 3 |
| e | ncip |
| f | 19 |
| g | y-gencatlg |
| 942 ## - ADDED ENTRY ELEMENTS (KOHA) | |
| Source of classification or shelving scheme | Dewey Decimal Classification |
| Koha item type | Books |
| Withdrawn status | Lost status | Source of classification or shelving scheme | Damaged status | Not for loan | Home library | Current library | Date acquired | Total Checkouts | Full call number | Barcode | Date last seen | Price effective from | Koha item type |
|---|---|---|---|---|---|---|---|---|---|---|---|---|---|
| Dewey Decimal Classification | County Hall Archives | County Hall Archives | 06/20/2023 | 323.44 OCH | 10000557 | 06/20/2023 | 06/20/2023 | Books | |||||
| Dewey Decimal Classification | County Hall Archives | County Hall Archives | 06/20/2023 | 323.44 OCH | 10000558 | 06/20/2023 | 06/20/2023 | Books |
